00798nam a2200229 i 450000500170000000800410001702000380005804000250009608200150012110000250013624500720016124600990023325000180033226400620035026400110041230000230042333600210044633700250046733800230049265000200051565000330053520260419144404.0260419t20252025my gr 000 f may d a9786299574804cRM39.00qpaperback aPPAKbengcPPAKerda04a823.922231 aBoo, Byran,eauthor.10aShadows Of Ambition.nBook 1 : The Prince Of Ascension /cBYRAN BOO34aShadows of ambition.nBook 1 : the prince of ascension :bA Malaysian political thriller novel aFirst Edition 1aWilayah Persekutuan Kuala Lumpur :bBees Media PLT,c2025 4c©2025 a322 pages ;c21 cm atext2rdacontent aunmediated2rdamedia avolume2rdacarrier10aEnglish fiction24aMalaysian fiction (English)